Things that Used to be Legal - Statistics

General Stats
  • This quiz has been taken 10 times
  • The average score is 4 of 10
Answer Stats
Question Answer % Correct
Segregation in public facilities and schools 1964
100%
Mailing children through the US Postal Service 1914
57%
The use of lead-based paint in homes and children's products 1978
57%
Challenging someone to a duel 1860
43%
Alcohol (repealed) 1920
43%
Child labor 1938
43%
Littering into the ocean 1972
43%
Insider trading 1934
14%
Driving as fast as you wanted 1970
0%
Sale of assault weapons (expired) 1994
0%
No matching quizzes found
Score Distribution
Percent of People with Each Score
Percentile by Number Answered
Your Score History
You have not taken this quiz